Statistics for Music Groups Quiz 1

Click here to take the quiz!

General Stats

  • This quiz has been taken 22 times
  • The average score is 6 of 10

Answer Stats

HintAnswer% Correct
Sweden's first winner of the Eurovision Song ContestABBA
85%
The best-selling girl group of all timeSpice Girls
85%
Danish-Norwegian Europop band known for their songs "Barbie Girl" and "Doctor Jones"Aqua
80%
Regarded as the most influential band of all timeThe Beatles
80%
Musical group formed by brothers Barry, Robin, and Maurice GibbBee Gees
75%
English-Irish pop boy band composed of Niall Horan, Liam Payne, Harry Styles, Louis Tomlinson, and previously Zayn MalikOne Direction
70%
Known for their songs "Where Is the Love?" and "I Gotta Feeling"Black Eyed Peas
60%
Best-selling American girl group of all timeTLC
40%
Consisting of members Jisoo, Jennie, Rosé, and LisaBlackpink
20%
American vocal harmony group best known for emotional ballads and a cappella harmonies.Boyz II Men
5%

Score Distribution

Percentile by Number Answered

Percent of People with Each Score

Your Score History

You have not taken this quiz